[Event "Xeraco Region-ch Primera"]
[Site "Xeraco"]
[Date "2015.10.31"]
[Round "4.3"]
[White "Pallas i Garrido, Ernest Josep"]
[Black "Castello Castello, Juan Jose"]
[Result "1-0"]
[WhiteElo "1785"]
[BlackElo "1664"]
[PlyCount "85"]
[EventDate "2015.10.03"]
[EventType "swiss"]
[EventRounds "7"]
[EventCountry "ESP"]
[SourceTitle "EXT 2024"]
[Source "ChessBase"]
[SourceDate "2023.10.10"]
[SourceVersion "1"]
[SourceVersionDate "2023.10.10"]
[SourceQuality "1"]

1. e4 c5 2. Nf3 Nc6 3. d4 cxd4 4. Nxd4 g6 5. Nc3 Bg7 6. Be3 d6 7. Qd2 Nf6 8. f3 a6 9. 0-0-0 0-0 10. Kb1 Nxd4 11. Bxd4 Qa5 12. g4 b5 13. g5 Nh5 14. Nd5 Qxd2 15. Nxe7+ Kh8 16. Bxg7+ Kxg7 17. Rxd2 Be6 18. Nd5 Bxd5 19. Rxd5 Rad8 20. a4 Nf4 21. Rd2 bxa4 22. Bxa6 f6 23. h4 Rd7 24. Bb5 Ra7 25. Rxd6 Nh5 26. Rhd1 fxg5 27. Rd7+ Rf7 28. hxg5 Nf4 29. Rxa7 Rxa7 30. Rd7+ Rxd7 31. Bxd7 Kf8 32. Kc1 Ke7 33. Bg4 Kd6 34. Kd2 Ke5 35. Kc3 Nh5 36. Kb4 Kf4 37. c4 Ng7 38. c5 Kxg5 39. Bd7 Kf6 40. Kb5 Ke7 41. c6 Kd8 42. Kb6 h5 43. Kb7 1-0

[Event "Sueca op 1st"]
[Site "Sueca"]
[Date "2015.07.31"]
[Round "5"]
[White "Botella Brandt, Rafael"]
[Black "Castello Castello, Juan Jose"]
[Result "0-1"]
[WhiteElo "1838"]
[BlackElo "1672"]
[PlyCount "142"]
[EventDate "2015.07.27"]
[EventType "swiss"]
[EventRounds "8"]
[EventCountry "ESP"]
[SourceTitle "EXT 2016"]
[Source "ChessBase"]
[SourceDate "2015.10.08"]
[SourceVersion "1"]
[SourceVersionDate "2015.10.08"]
[SourceQuality "1"]

1. e4 e6 2. d4 d5 3. exd5 exd5 4. Nf3 Bd6 5. Be2 Ne7 6. 0-0 Nbc6 7. h3 h6 8. c4 dxc4 9. Bxc4 0-0 10. Nc3 a6 11. d5 Ne5 12. Bb3 N7g6 13. Bd2 Qf6 14. Ne1 Nf4 15. Ne4 Qh4 16. Bxf4 Qxf4 17. Nxd6 cxd6 18. Nd3 Nxd3 19. Qxd3 Bf5 20. Qg3 Qxg3 21. fxg3 Be4 22. g4 g5 23. Rf6 Rad8 24. Rxh6 Kg7 25. Rh5 f6 26. h4 Bg6 27. hxg5 Bxh5 28. gxf6+ Rxf6 29. gxh5 Rh8 30. g4 Rf4 31. Bd1 Re8 32. Bc2 Rxg4+ 33. Kh2 Re2+ 34. Kh3 Rg5 35. Bd3 Re3+ 36. Kh4 Rxd5 37. Rg1+ Kh8 38. Bg6 Ree5 39. Rg4 Rd2 40. Rf4 Rxb2 41. Rf8+ Kg7 42. Rf7+ Kg8 43. Rd7 d5 44. Kg4 Rb4+ 45. Kf3 Rb6 46. Kf4 Re2 47. Rxd5 Rxa2 48. Kg5 Rb5 49. Rxb5 axb5 50. Be4 Rb2 51. Bxb7 Rf2 52. Kg4 Kg7 53. Kg3 Rf8 54. Kg4 Kh6 55. Bd5 b4 56. Be6 Rb8 57. Bb3 Rb5 58. Kf4 Rxh5 59. Ke4 Rh4+ 60. Kd5 Kg5 61. Kc5 Kf5 62. Bc4 Ke5 63. Kxb4 Kd4 64. Kb5 Rh8 65. Be6 Rh6 66. Bd7 Kd5 67. Kb4 Rh4+ 68. Kb5 Rf4 69. Be8 Rf8 70. Bc6+ Kd6 71. Be4 Rc8 0-1

[Event "Sueca op 1st"]
[Site "Sueca"]
[Date "2015.07.30"]
[Round "4"]
[White "Castello Castello, Juan Jose"]
[Black "Porras Boronat, German"]
[Result "1/2-1/2"]
[WhiteElo "1672"]
[BlackElo "1402"]
[PlyCount "94"]
[EventDate "2015.07.27"]
[EventType "swiss"]
[EventRounds "8"]
[EventCountry "ESP"]
[SourceTitle "EXT 2016"]
[Source "ChessBase"]
[SourceDate "2015.10.08"]
[SourceVersion "1"]
[SourceVersionDate "2015.10.08"]
[SourceQuality "1"]

1. c4 Nf6 2. Nf3 g6 3. g3 Bg7 4. Bg2 0-0 5. 0-0 c6 6. d4 d5 7. cxd5 cxd5 8. Nc3 Nc6 9. Bf4 Nh5 10. Qd2 b6 11. Bh6 Ba6 12. Rfc1 Rc8 13. Bxg7 Nxg7 14. Qh6 Nf5 15. Qd2 e6 16. Nd1 Nd6 17. Qh6 Ne4 18. Nc3 Nxc3 19. Rxc3 Qf6 20. Rac1 Nxd4 21. Nxd4 Qxd4 22. e3 Qb4 23. Rxc8 Rxc8 24. Rxc8+ Bxc8 25. h4 Qe1+ 26. Kh2 Qxf2 27. Qg5 Ba6 28. Kh3 f6 29. Qg4 Kf7 30. Qd4 Bf1 31. Bxf1 Qxf1+ 32. Kh2 Qc4 33. Qd2 Qxa2 34. e4 Qa5 35. Qc2 Qc5 36. Qa4 dxe4 37. Qxa7+ Kg8 38. Qa8+ Kg7 39. Qxe4 Qf2+ 40. Kh1 Qxb2 41. Qxe6 b5 42. Qe7+ Kh6 43. Qe3+ g5 44. hxg5+ fxg5 45. Qe6+ Kg7 46. Qe7+ Kg6 47. Qe4+ Kg7 1/2-1/2

[Event "Sueca op 1st"]
[Site "Sueca"]
[Date "2015.07.27"]
[Round "1"]
[White "Torres Sanchez, Jose"]
[Black "Castello Castello, Juan Jose"]
[Result "1-0"]
[WhiteElo "2286"]
[BlackElo "1672"]
[PlyCount "27"]
[EventDate "2015.07.27"]
[EventType "swiss"]
[EventRounds "8"]
[EventCountry "ESP"]
[SourceTitle "EXT 2016"]
[Source "ChessBase"]
[SourceDate "2015.10.08"]
[SourceVersion "1"]
[SourceVersionDate "2015.10.08"]
[SourceQuality "1"]

1. e4 c5 2. Nf3 Nc6 3. d4 cxd4 4. Nxd4 d6 5. Nc3 Nf6 6. Bg5 Bd7 7. Qd2 Qb6 8. Ndb5 0-0-0 9. 0-0-0 a6 10. Na3 Qa5 11. Nc4 Qc7 12. Bxf6 gxf6 13. Nd5 Qb8 14. Ncb6# 1-0

[Event "Alcudia Belleuve"]
[Site "Alcudia"]
[Date "2012.10.20"]
[Round "8.19"]
[White "Perez Gandesa, Jose Antonio"]
[Black "Castello Castello, Juan Jose"]
[Result "1/2-1/2"]
[WhiteElo "1881"]
[BlackElo "1735"]
[PlyCount "64"]
[EventDate "2012.10.14"]
[EventType "swiss"]
[EventRounds "9"]
[EventCountry "ESP"]
[SourceTitle "EXT 2024"]
[Source "ChessBase"]
[SourceDate "2023.10.10"]
[SourceVersion "1"]
[SourceVersionDate "2023.10.10"]
[SourceQuality "1"]

1. d4 Nf6 2. Bg5 d5 3. Bxf6 exf6 4. e3 c6 5. c3 Bd6 6. Bd3 f5 7. Qc2 g6 8. Nf3 Nd7 9. Nbd2 c5 10. dxc5 Nxc5 11. Bb5+ Bd7 12. Nd4 0-0 13. 0-0 Qc7 14. N2f3 a6 15. Bxd7 Nxd7 16. Rad1 Nf6 17. h3 Rad8 18. Qb3 f4 19. exf4 Bxf4 20. Ne2 Bh6 21. Ng3 Bf4 22. Ne2 Bd6 23. Rfe1 Bc5 24. Ned4 b6 25. Qa4 Bxd4 26. Qxd4 Qd6 27. c4 Rfe8 28. Rxe8+ Nxe8 29. cxd5 Nc7 30. Ng5 Qxd5 31. Qxd5 Rxd5 32. Rxd5 Nxd5 1/2-1/2

[Event "Alcudia Belleuve"]
[Site "Alcudia"]
[Date "2012.10.19"]
[Round "6.15"]
[White "Castello Castello, Juan Jose"]
[Black "Achtmann, Armin Ludwig"]
[Result "0-1"]
[WhiteElo "1735"]
[BlackElo "1978"]
[PlyCount "94"]
[EventDate "2012.10.14"]
[EventType "swiss"]
[EventRounds "9"]
[EventCountry "ESP"]
[SourceTitle "EXT 2024"]
[Source "ChessBase"]
[SourceDate "2023.10.10"]
[SourceVersion "1"]
[SourceVersionDate "2023.10.10"]
[SourceQuality "1"]

1. Nf3 f5 2. c4 Nf6 3. Nc3 c6 4. g3 d5 5. cxd5 cxd5 6. d4 Nc6 7. Bf4 e6 8. Bg2 Bd6 9. Ne5 Qb6 10. Qd2 Bxe5 11. Bxe5 Nxe5 12. dxe5 Ng4 13. 0-0 Nxe5 14. Na4 Qd8 15. Qc3 Qf6 16. Rac1 0-0 17. b3 Bd7 18. Nc5 Bc6 19. f4 Ng4 20. Qxf6 Rxf6 21. Nd3 Ne3 22. Rfe1 Nxg2 23. Kxg2 Rc8 24. Ne5 Rff8 25. Kf2 Bb5 26. a4 Ba6 27. Ke3 Rfd8 28. Kd4 Rxc1 29. Rxc1 Bxe2 30. Rc7 b5 31. a5 a6 32. b4 h5 33. Ra7 Rd6 34. Kc5 Rd8 35. Rxa6 d4 36. Nc6 Rd5+ 37. Kb6 d3 38. Ne7+ Kh7 39. Nxd5 exd5 40. Kb7 d2 41. Rc6 d1Q 42. a6 d4 43. a7 Qa4 44. Ra6 Bf3+ 45. Kb6 d3 46. a8Q Bxa8 47. Kc5 Qxa6 0-1

[Event "Alcudia Belleuve"]
[Site "Alcudia"]
[Date "2012.10.18"]
[Round "5.23"]
[White "Navarrete Abraham, Jorge"]
[Black "Castello Castello, Juan Jose"]
[Result "0-1"]
[WhiteElo "1893"]
[BlackElo "1735"]
[PlyCount "95"]
[EventDate "2012.10.14"]
[EventType "swiss"]
[EventRounds "9"]
[EventCountry "ESP"]
[SourceTitle "EXT 2024"]
[Source "ChessBase"]
[SourceDate "2023.10.10"]
[SourceVersion "1"]
[SourceVersionDate "2023.10.10"]
[SourceQuality "1"]

1. c4 e5 2. Nc3 Nf6 3. g3 g6 4. Bg2 Bg7 5. e3 0-0 6. Nge2 c6 7. 0-0 d5 8. cxd5 cxd5 9. d4 e4 10. h3 Nc6 11. Nf4 Re8 12. Qb3 Na5 13. Qd1 Be6 14. b3 Rc8 15. Bb2 a6 16. Na4 Bf8 17. Qe2 Bd7 18. Nc3 Bc6 19. Rfc1 b5 20. Nb1 Bb7 21. Nd2 Qd7 22. h4 Rxc1+ 23. Rxc1 Rc8 24. Qd1 Rxc1 25. Qxc1 Qc6 26. Qxc6 Nxc6 27. a3 Bd6 28. f3 Ne7 29. Kf2 Nf5 30. Bh3 Bxf4 31. Bxf5 Bxe3+ 32. Kxe3 gxf5 33. Kf4 Nh5+ 34. Kxf5 e3 35. Nb1 Nxg3+ 36. Ke5 Nf1 37. Nc3 Nd2 38. Kf4 Nxb3 39. Kxe3 Kg7 40. Ne2 Kg6 41. Bc3 Kh5 42. Kf4 Kxh4 43. Kf5 Bc8+ 44. Kf6 Be6 45. Be1+ Kh3 46. Nf4+ Kh2 47. Nxe6 fxe6 48. f4 0-1

[Event "Alcudia Belleuve"]
[Site "Alcudia"]
[Date "2012.10.14"]
[Round "1.14"]
[White "Garcia Verd, Francisco Javier"]
[Black "Castello Castello, Juan Jose"]
[Result "0-1"]
[WhiteElo "1954"]
[BlackElo "1735"]
[PlyCount "60"]
[EventDate "2012.10.14"]
[EventType "swiss"]
[EventRounds "9"]
[EventCountry "ESP"]
[SourceTitle "EXT 2024"]
[Source "ChessBase"]
[SourceDate "2023.10.10"]
[SourceVersion "1"]
[SourceVersionDate "2023.10.10"]
[SourceQuality "1"]

1. e4 e6 2. d4 c5 3. d5 e5 4. Nc3 d6 5. f4 Nd7 6. Nf3 Ngf6 7. Be2 Be7 8. fxe5 Nxe5 9. Bb5+ Bd7 10. Nxe5 Bxb5 11. Nxf7 Kxf7 12. Nxb5 Qa5+ 13. Nc3 Rhe8 14. 0-0 Kg8 15. Qd3 Nd7 16. Bf4 Qb6 17. Qb5 Qc7 18. Qc4 a6 19. e5 Nb6 20. Qe2 dxe5 21. Bxe5 Qd7 22. Qf2 Bf8 23. Bg3 Nc4 24. b3 Ne3 25. Rfe1 Ng4 26. Qd2 Bd6 27. Ne4 Bxg3 28. Nxg3 Rad8 29. c4 Qd6 30. Nf5 Qxh2+ 0-1